{"text_format":"3","workbook":"xlsx","n_sheets":2,"sheets":["Sheet1","Sheet2"],"read":"part_unreadable","date_system":"1900"}

{"sheet":"Sheet1","index":0,"n_rows":0,"n_cols":0,"rows_kept":0,"read":"part_unreadable"}

{"sheet":"Sheet2","index":1,"n_rows":56,"n_cols":11,"rows_kept":56,"merged":[[2,4,2,7],[3,3,4,3],[3,4,8,4],[3,5,4,5],[5,3,6,3],[5,5,6,5],[7,3,8,3],[7,5,8,5],[9,4,19,4],[20,4,21,4],[23,4,26,4],[33,4,33,7],[35,5,36,5]]}
[]
[{"$nulls":3},"序号","名称","型号参数","单位","数量","单价(元)","合价(元)","备注"]
[{"$nulls":4},"一、设备部分"]
[{"$nulls":3},1,"水冷涡旋模块机","Q=76.2kW\nN=14.4kW","台",6,40500,{"$f":"H4*I4","v":243000},"压缩机"]
[{"$nulls":6},"台",6,26300,{"$f":"H5*I5","v":157800},"控制柜"]
[{"$nulls":3},2,null,"Q=114.2kW\nN=21.6kW","台",9,58500,526500,"压缩机"]
[{"$nulls":6},"台",9,31300,281700,"控制柜"]
[{"$nulls":3},3,null,"Q=151.9kW\nN=21.6kW","台",4,78000,312000,"压缩机"]
[{"$nulls":6},"台",4,33600,134400,"控制柜"]
[{"$nulls":3},4,"空气处理机组","Q=65kW,N=2.2kW\nL=5000m3/h,H=700Pa\n4排管（卧式）","台",1,17894,17894]
[{"$nulls":3},5,null,"Q=58kW,N=5.5kW\nL=10000m3/h,H=500Pa\n4排管（卧式）","台",1,26243,26243]
[{"$nulls":3},6,null,"Q=67kW,N=5.5kW\nL=12000m3/h,H=575Pa\n4排管（卧式）","台",1,28428,28428]
[{"$nulls":3},7,null,"Q=90kW,N=5.5kW\nL=12000m3/h,H=500Pa\n6排管（卧式）","台",3,30049,90147]
[{"$nulls":3},8,null,"Q=85.2kW,N=7.5kW\nL=15000m3/h,H=755Pa\n4排管（立式）","台",2,32393,64786]
[{"$nulls":3},9,null,"Q=101.5kW,N=7.5kW\nL=15000m3/h,H=750Pa\n6排管（卧式）","台",2,33375,66750]
[{"$nulls":3},10,null,"Q=104.4kW,N=7.5kW\nL=18000m3/h,H=500Pa\n4排管（卧式）","台",4,36875,147500]
[{"$nulls":3},11,null,"Q=126.4kW,N=7.5kW\nL=18000m3/h,H=500Pa\n6排管（卧式）","台",1,41591,41591]
[{"$nulls":3},12,null,"Q=118kW,N=11kW\nL=20000m3/h,H=650Pa\n4排管（卧式）","台",2,42024,84048]
["Q=144kW,N=11kW\nL=20000m3/h,H=800Pa\n6排管（卧式）","台",1,13,null,"Q=144kW,N=11kW\nL=20000m3/h,H=800Pa\n6排管（卧式）","台",2,45562,91124]
[{"$nulls":3},14,null,"Q=151.4kW,N=11kW\nL=25000m3/h,H=500Pa\n4排管（卧式）","台",1,47373,47373]
[{"$nulls":3},15,"风机盘管","Q=3.43KW\nN=0.084KW\nL=690m3/h","台",28,1173,{"$f":"H21*I21","v":32844}]
[{"$nulls":3},16,null,"Q=4.74KW\nN=0.09KW\nL=850m3/h","台",12,1397,16764]
[{"$nulls":3},17,"冷却塔","流量:200 m3/h,\n功率:5.5KW","台",3,96255,288765]
[{"$nulls":3},18,"冷冻水泵","流量:27m3/h,扬程:14m,\n功率: 2.2KW","台",4,3623,14492,"2台备用"]
[{"$nulls":3},19,null,"流量:22 m3/h,扬程:10m,\n功率: 1.1KW","台",18,2929,52722,"9台备用"]
[{"$nulls":3},20,null,"流量:15.5 m3/h,扬程:17m,功率: 2.2KW","台",12,3705,44460,"6台备用"]
[{"$nulls":3},21,null,"流量:30.5m3/h,扬程:10.5m,功率: 1.5KW","台",4,3794,15176,"2台备用"]
[{"$nulls":3},22,"冷却水泵","流量:174m3/h,扬程:38m,\n功率: 30KW","台",4,21296,85184,"1台备用"]
[{"$nulls":3},23,"空调系统自控及平台","冷热源机房安全智能监管系统软件、中央空调主机集控管理系统软件","组",13,17095,222235]
[{"$nulls":3},24,"水泵、空调控制柜",null,"组",19,13402,254638]
[{"$nulls":3},25,"冷却塔控制箱",null,"台",3,33721,101163]
[{"$nulls":3},26,"辅材","管道、阀门、管线、电气附件等","间",13,18206,236678]
[{"$nulls":4},"小计",{"$nulls":4},{"$f":"SUM(J4:J32)","v":3726405}]
[{"$nulls":4},"二、安装部分"]
[{"$nulls":3},1,"水冷机组拆除","含管路","台",21,2402,{"$f":"H35*I35","v":50442}]
[{"$nulls":3},2,"空气处理机拆除","全部风柜、风阀配件等","台",20,3175,{"$f":"H36*I36","v":63500}]
[{"$nulls":3},3,"风盘拆除",null,"台",40,300,12000]
[{"$nulls":3},4,"冷却塔拆除","整机拆除","台",3,7938,23814]
[{"$nulls":3},5,"屋面设备吊装","/","项",1,23680,23680]
[{"$nulls":3},6,"水冷机组安装","设备就位、对管","台",19,5672,107768]
[{"$nulls":3},7,"空气处理设备安装","设备就位、接原风道","台",20,5670,113400]
[{"$nulls":3},8,"风盘安装","设备就位，接管","台",40,850,34000]
[{"$nulls":3},9,"冷却塔安装","设备就位、接管","台",3,22680,68040]
[{"$nulls":3},10,"阀组配件安装","/","项",1,88040,88040]
[{"$nulls":3},11,"水泵安装","设备就位，接管","台",38,2175,82650]
[{"$nulls":3},12,"管路系统安装","系统检查及更换管路","项",1,56700,56700]
[{"$nulls":3},13,"保温、铝皮等","/","项",1,51030,51030]
[{"$nulls":3},14,"配电及电缆安装","桥架等","项",1,34020,34020]
[{"$nulls":3},15,"机房地面刷漆","/","项",1,20930,20930]
[{"$nulls":3},16,"机房吸音棉","/","项",1,97320,97320]
[{"$nulls":3},17,"吊顶修复","/","项",1,69300,69300]
[{"$nulls":3},18,"垃圾运输","/","项",1,19072,19072]
[{"$nulls":3},19,"设备联调","差旅、人工","项",1,22680,22680]
[{"$nulls":4},"小计",{"$nulls":4},{"$f":"SUM(J35:J53)","v":1038386}]
[]
[{"$nulls":4},"总计",{"$nulls":4},{"$f":"J33+J54","v":4764791}]